| 000 | 00880pam a2200301 a 4500 | ||
|---|---|---|---|
| 003 | OSt | ||
| 005 | 20140310184447.0 | ||
| 008 | 960904s1997 nyu c 000 1 eng | ||
| 010 | _a 96035254 | ||
| 020 | _a0439326656 | ||
| 040 |
_aDLC _cDLC _dDLC |
||
| 042 | _alcac | ||
| 050 | 0 | 0 |
_aPZ 7 _b.W933To 2002 |
| 100 | 1 |
_aWright, Betty Ren. _95620 |
|
| 245 | 1 | 0 |
_aToo many secrets / _cBetty Ren Wright. |
| 250 | _a1st ed. | ||
| 260 |
_aNew York : _bScholastic, _c2002. |
||
| 300 |
_a116 p. ; _c22 cm. |
||
| 521 | _aG4 | ||
| 526 | _c680 | ||
| 650 | 1 |
_aFathers and sons _xFiction. _927832 |
|
| 650 | 1 |
_aMystery and detective stories. _93790 |
|
| 906 |
_a7 _bcbc _corignew _d1 _eocip _f19 _gy-gencatlg |
||
| 942 |
_2lcc _cBK-SCHOLAS |
||
| 999 |
_c34536 _d34536 |
||